[Event "Copenhagen AS04& BSF"]
[Site "Copenhagen"]
[Date "1984.09.12"]
[Round "6"]
[White "Iskov, Gert"]
[Black "Hansen, Curt"]
[Result "0-1"]
[WhiteElo "2370"]
[BlackElo "2485"]
[PlyCount "96"]
[EventDate "1984.09.06"]
[EventType "tourn"]
[EventRounds "9"]
[EventCountry "DEN"]
[EventCategory "8"]
[SourceTitle "EXT 2000"]
[Source "ChessBase"]
[SourceDate "1999.11.16"]
[SourceVersion "1"]
[SourceVersionDate "1999.11.16"]
[SourceQuality "1"]

1. e4 c5 2. Nf3 d6 3. d4 cxd4 4. Nxd4 Nf6 5. Nc3 a6 6. Be2 e6 7. f4 Be7 8. 0-0 0-0 9. Kh1 Qc7 10. a4 Nc6 11. Be3 Rd8 12. Qe1 Nxd4 13. Bxd4 e5 14. Be3 exf4 15. Rxf4 Be6 16. Qg3 d5 17. exd5 Nxd5 18. Nxd5 Rxd5 19. Bd3 Bd6 20. Qh4 Rxd3 21. cxd3 Bxf4 22. Bxf4 Qc2 23. Qg3 Bf5 24. Be5 Bg6 25. Bc3 Qxd3 26. Qc7 Re8 27. Qxb7 Be4 28. Qb6 Qe2 29. Rg1 h5 30. h3 Re6 31. Qd8+ Kh7 32. Qd2 Bc6 33. Re1 Bxg2+ 34. Kh2 Qxd2 35. Bxd2 Rg6 36. Re2 Bc6 37. Rf2 Re6 38. Bc3 f6 39. a5 Re3 40. Bd4 Rd3 41. Bc3 Bd7 42. Rd2 Rxh3+ 43. Kg2 Bg4 44. Rd6 Re3 45. Rxa6 h4 46. Rd6 h3+ 47. Kh2 Re2+ 48. Kg3 Rg2+ 0-1

[Event "Copenhagen AS04& BSF"]
[Site "Copenhagen"]
[Date "1984.09.09"]
[Round "4"]
[White "Iskov, Gert"]
[Black "Hoi, Carsten"]
[Result "1/2-1/2"]
[WhiteElo "2370"]
[BlackElo "2400"]
[PlyCount "71"]
[EventDate "1984.09.06"]
[EventType "tourn"]
[EventRounds "9"]
[EventCountry "DEN"]
[EventCategory "8"]
[SourceTitle "EXT 2000"]
[Source "ChessBase"]
[SourceDate "1999.11.16"]
[SourceVersion "1"]
[SourceVersionDate "1999.11.16"]
[SourceQuality "1"]

1. e4 g6 2. d4 Bg7 3. Nf3 d6 4. Be2 Nf6 5. Nc3 0-0 6. 0-0 a6 7. Bg5 h6 8. Bh4 g5 9. Bg3 Nh5 10. h4 Nxg3 11. fxg3 gxh4 12. gxh4 e6 13. Qe1 Nd7 14. Rd1 Qe7 15. Bd3 c5 16. dxc5 dxc5 17. Qe3 b5 18. e5 Bb7 19. Be4 Bxe4 20. Nxe4 Rad8 21. Rxd7 Rxd7 22. Nf6+ Bxf6 23. exf6 Qxf6 24. Ne5 Qd8 25. Nxd7 Qxd7 26. Qxh6 Qd4+ 27. Kh2 Qg7 28. Qe3 c4 29. Rf3 Kh7 30. Rg3 Qh6 31. Qf3 Kh8 32. Kh3 f6 33. Qc6 Qc1 34. Kh2 e5 35. Qe6 Qh6 36. Qf5 1/2-1/2